Men, ships, and the sea, (Record no. 1362)

MARC details
000 -LEADER
fixed length control field 00695cam a22002411 4500
005 - DATE AND TIME OF LATEST TRANSACTION
control field 20260322212057.0
008 - FIXED-LENGTH DATA ELEMENTS--GENERAL INFORMATION
fixed length control field data
010 ## - LIBRARY OF CONGRESS CONTROL NUMBER
LC control number 62020190
040 ## - CATALOGING SOURCE
Original cataloging agency DLC
Transcribing agency DLC
Modifying agency DLC
050 00 - LIBRARY OF CONGRESS CALL NUMBER
Classification number G540
Item number .V646
082 00 - DEWEY DECIMAL CLASSIFICATION NUMBER
Classification number 910/.45
092 ## - LOCALLY ASSIGNED DEWEY CALL NUMBER (OCLC)
Classification number 910.45 V646 1962
001 - CONTROL NUMBER
control field data
100 1# - MAIN ENTRY--PERSONAL NAME
Personal name Villiers, Alan,
Dates associated with a name 1903-1982.
245 10 - TITLE STATEMENT
Title Men, ships, and the sea,
Statement of responsibility, etc. Alan Villiers & National Geographic Society (U.S.).
260 ## - PUBLICATION, DISTRIBUTION, ETC.
Place of publication, distribution, etc. Washington,
Name of publisher, distributor, etc. National Geographic Society
Date of publication, distribution, etc. [1962]
300 ## - PHYSICAL DESCRIPTION
Extent 436 p.
Other physical details illus.
Dimensions 29 cm.
490 0# - SERIES STATEMENT
Series statement The Story of man library
650 #0 - SUBJECT ADDED ENTRY--TOPICAL TERM
Topical term or geographic name entry element Seafaring life.
650 #0 - SUBJECT ADDED ENTRY--TOPICAL TERM
Topical term or geographic name entry element Ships
General subdivision History.
650 #0 - SUBJECT ADDED ENTRY--TOPICAL TERM
Topical term or geographic name entry element Navigation
General subdivision History.
710 2# - ADDED ENTRY--CORPORATE NAME
Corporate name or jurisdiction name as entry element National Geographic Society (U.S.)
Holdings
Withdrawn status Lost status Damaged status Not for loan Home library Current library Shelving location Date acquired Total checkouts Full call number Barcode Date last seen Price effective from Koha item type
        Centerville Centerville General stacks 22/03/2026   910/.45 BC0011408 22/03/2026 22/03/2026 Books